| 000 | 00416nam a2200169Ia 4500 | ||
|---|---|---|---|
| 003 | GCL | ||
| 008 | 140319s9999 xx 000 0 eng d | ||
| 040 |
_aGCL / _cGCL |
||
| 082 | 0 | 4 |
_a843 _bQ Z |
| 100 | 1 | _aQUENEAU, RAYMOND | |
| 245 | 1 | 0 |
_aZAZIE DENS LE METRO / _cQUENEAU, RAYMOND |
| 260 |
_a[S.N] : _bFOLIO ، _c1995 |
||
| 300 | _a188 P | ||
| 650 | 0 | 4 | _aLITERATURE |
| 650 | 0 | 4 | _aFRENCH LITERATURE |
| 942 |
_2ddc _cBK |
||
| 999 |
_c21704 _d21704 |
||